000 00542nam a2200181Ia 4500
008 151018s9999 xx 000 0 und d
082 _bRBASDV38398
_a370
100 _aआर के चौबे
245 _aशिक्षा तकनीकी
250 _b1
260 _bअविष्कार
_c2004
300 _a143
600 _aआर के चौबे
630 _aशिक्षा तकनीकी
700 _aआर के चौबे
730 _aशिक्षा तकनीकी
942 _cBOOK
999 _c1037803
_d1037800